00280nam a2200121Ia 45000030006000000080041000060400015000471000016000622450042000782600009001205460012001290050017001410STCL150530s9999 xx 000 0 und d aSTCLcSTCL aDixon, M.W. aEnglish poetry from blake to browning c1894 aEnglish20220125170842.0